<?xml version="1.0" encoding="UTF-8"?>
<record
    xmlns:xsi="http://www.w3.org/2001/XMLSchema-instance"
    xsi:schemaLocation="http://www.loc.gov/MARC21/slim http://www.loc.gov/standards/marcxml/schema/MARC21slim.xsd"
    xmlns="http://www.loc.gov/MARC21/slim">

  <leader>02290    a2200289   4500</leader>
  <controlfield tag="003">OSt</controlfield>
  <controlfield tag="005">20180116192355.0</controlfield>
  <controlfield tag="008">120601t        xxu||||| |||| 00| 0 eng d</controlfield>
  <datafield tag="010" ind1=" " ind2=" ">
    <subfield code="a">  2006037163</subfield>
  </datafield>
  <datafield tag="020" ind1=" " ind2=" ">
    <subfield code="a">9780415372343 (hardback : alk. paper)</subfield>
  </datafield>
  <datafield tag="020" ind1=" " ind2=" ">
    <subfield code="a">0415372348 (hardback : alk. paper)</subfield>
  </datafield>
  <datafield tag="020" ind1=" " ind2=" ">
    <subfield code="a">9780415372350 (pbk. : alk. paper)</subfield>
  </datafield>
  <datafield tag="020" ind1=" " ind2=" ">
    <subfield code="a">0415372356 (pbk. : alk. paper)</subfield>
  </datafield>
  <datafield tag="035" ind1=" " ind2=" ">
    <subfield code="a">(OCoLC)ocm76074237</subfield>
  </datafield>
  <datafield tag="040" ind1=" " ind2=" ">
    <subfield code="c">0</subfield>
  </datafield>
  <datafield tag="082" ind1="0" ind2="0">
    <subfield code="a">701.18</subfield>
  </datafield>
  <datafield tag="245" ind1="0" ind2="0">
    <subfield code="a">Making art history :</subfield>
    <subfield code="b">a changing discipline and its institutions /</subfield>
    <subfield code="c">edited by Elizabeth C.  Mansfield.</subfield>
  </datafield>
  <datafield tag="260" ind1=" " ind2=" ">
    <subfield code="a">New York ;</subfield>
    <subfield code="a">London :</subfield>
    <subfield code="b">Routledge,</subfield>
    <subfield code="c">2007.</subfield>
  </datafield>
  <datafield tag="300" ind1=" " ind2=" ">
    <subfield code="a">xi, 274 p. :</subfield>
    <subfield code="b">ill. ;</subfield>
    <subfield code="c">24 cm.</subfield>
  </datafield>
  <datafield tag="505" ind1="0" ind2=" ">
    <subfield code="a">The call of the canon : why art history cannot do without / Marlite Halbertsma -- From the prophet to postmodernism? New world orders and the end of Islamic art / Finbarr Barry Flood -- Turning green into black, or how I learned to live with the canon / Steven Nelson -- What's in a name? "Flanders," language and the historiography of late medieval art in Belgium since federalization / Gregory T. Clark -- Art history's present tense / Janet Kraynak -- The totality of form : S.J. Freedberg's criticism and Clement Greenberg's history / Eric Rosenberg --  Unmaking art history / Donald Preziosi -- Rhetoric and motive in art history : a shapeshifter's perspective / Christopher Bucklow -- On the institution of limits / Stephen Melville -- Remaking art history : working wonder in the university's ruins / Claire Farago -- Deep innovation and mere eccentricity in Islamic art history / David Carrier -- Art, science, and evolution / Robert O. Bork -- Figuring the origins of the modern at the fin de sie&#xCC;&#x20AC;cle : the trope of the pathetic male / Anna C. Chave -- Re-imagining meaning in the contemporary museum : from things that go beep in the case to the artist ex machina / Christopher R. Marshall -- (Con)Testing resources / Maureen Connor.</subfield>
  </datafield>
  <datafield tag="650" ind1="1" ind2="0">
    <subfield code="a">Art</subfield>
    <subfield code="x">Historiography.</subfield>
    <subfield code="9">3548</subfield>
  </datafield>
  <datafield tag="650" ind1="1" ind2="0">
    <subfield code="a">Art and society.</subfield>
    <subfield code="9">3549</subfield>
  </datafield>
  <datafield tag="700" ind1="1" ind2=" ">
    <subfield code="a">Mansfield, Elizabeth,</subfield>
    <subfield code="d">1965-</subfield>
    <subfield code="9">3550</subfield>
  </datafield>
  <datafield tag="856" ind1="4" ind2="1">
    <subfield code="3">Table of contents only</subfield>
    <subfield code="u">http://www.loc.gov/catdir/toc/ecip074/2006037163.html</subfield>
  </datafield>
  <datafield tag="942" ind1=" " ind2=" ">
    <subfield code="a">SADA</subfield>
    <subfield code="c">BK</subfield>
    <subfield code="k">701.18 MAK 2007</subfield>
    <subfield code="2">ddc</subfield>
  </datafield>
  <datafield tag="999" ind1=" " ind2=" ">
    <subfield code="c">353071</subfield>
    <subfield code="d">353071</subfield>
  </datafield>
  <datafield tag="952" ind1=" " ind2=" ">
    <subfield code="0">0</subfield>
    <subfield code="1">0</subfield>
    <subfield code="2">ddc</subfield>
    <subfield code="4">0</subfield>
    <subfield code="7">0</subfield>
    <subfield code="a">SADA</subfield>
    <subfield code="b">SADA</subfield>
    <subfield code="d">2011-05-19</subfield>
    <subfield code="l">2</subfield>
    <subfield code="m">1</subfield>
    <subfield code="o">701.18 MAK 2007</subfield>
    <subfield code="p">SADA0001028</subfield>
    <subfield code="r">2014-04-04</subfield>
    <subfield code="s">2014-03-31</subfield>
    <subfield code="v">2694.00</subfield>
    <subfield code="w">2011-08-05</subfield>
    <subfield code="y">BK</subfield>
  </datafield>
</record>
